| 000 | 01715cam a22005174i 4500 | ||
|---|---|---|---|
| 003 | PE-LiUPU | ||
| 005 | 20250731180130.0 | ||
| 008 | 150625s r 000 0 d | ||
| 035 | _a(Sirsi) a36078 | ||
| 040 |
_aPE-LiUPU _bspa _cPE-LiUPU _erda |
||
| 082 | 0 | 4 |
_a541 _bB23Q _221 |
| 100 | 1 |
_aBarrow, Gordon M., _eautor. |
|
| 245 | 1 | 0 |
_aQuímica física / _cGordon M. Barrow. |
| 250 | _a2a | ||
| 264 | 1 |
_aBarcelona : _bReverté S.A., _c1968. |
|
| 300 |
_a383 páginas : _bilustraciones, gráficos diágramas tablas ; _c22 cm. |
||
| 336 |
_atext _2rdacontent |
||
| 337 |
_aunmediated _2rdamedia |
||
| 338 |
_avolume _2rdacarrier |
||
| 504 | _aReferencias bibliográficas al final de cada capítulo. | ||
| 505 | 0 | _aQuímica / Física para cursos de facultades de ciencias y de escuelas técnicas superiores. | |
| 526 | _aSEG44 | ||
| 526 | _aSEG26 | ||
| 526 | _aP159 | ||
| 526 | _aP155 | ||
| 526 | _aP154 | ||
| 526 | _aP153 | ||
| 526 | _aP150 | ||
| 526 | _aP100 | ||
| 526 | _aP31 | ||
| 526 | _aP30 | ||
| 526 | _aP26 | ||
| 526 | _aP25 | ||
| 526 | _aP24 | ||
| 526 | _aP22 | ||
| 526 | _aP15 | ||
| 526 | _aP10 | ||
| 650 | 0 | 4 |
_aFísico _xQuímica. |
| 650 | 0 | 4 |
_aFísico _xQuímica _vProblemas, ejercicios, etc. |
| 910 |
_blch _caj _d20050518 |
||
| 942 |
_2ddc _cBOOK |
||
| 949 |
_a541 B23Q _wDEWEY _c1 _i55178 _lCCODEBUL1 _mBUL _p13.00 _r0 _sY _tBOOK _u2015-06-25 _xINGENIERIA _zUNKNOWN _0COMPRA _o.STAFF. Colección General |
||
| 596 | _a1 | ||
| 999 |
_a541 B23Q _wDEWEY _c44110 _i55178 _d44110 _e2015-9-14 _f2021-11-5 _g7 _lCCODEBUL1 _mBUL _n1 _p13.00 _r0 _sY _tBOOK _u2015-6-25 _xBIBLIOTECA _zUNKNOWN _0COMPRA _o.STAFF. Colección General |
||
| 980 |
_81 _gALBERTO SANCHEZ Responsable de Automatización |
||